00943cam a2200253 a 450000100100000000500170001000800410002702000150006804000250008308200230010824500930013125000110022426000320023530000210026749000330028865000300032165000420035170000400039370000420043383000410047591000320051695201260054899900150067400000529720200929151633.0940304s1997 sp b 001 j spa  a8437611830 aDO-SdBNPbspacBNPHU a863.6bC965e, 199700aCuento español contemporáneo /cedición, Ma. Ángeles Encinar y Anthony Percival. a4a ed. aMadrid :bCátedra,c1997. a326 p. ;c18 cm.1 aLetras Hispánicasvno. 367 4aCuentos españoles93194 4aLiteratura españolaySIGLO XX933261 aEncinar, Ma. Ángeles,eed.9150701 aPercival, Anthony,d1944-eed.915071 0aLetras Hispánicas ;vno. 36794208 aCatalogación derivadabWM 001052708MOaGRbGRcHDd2009-08-18iLF1l0o863.6 C965e, 1997p5297-10r2020-06-25w2020-06-25y2ZPréstamo interno c5098d5098